Las jarchas romances de la serie árabe en su marco

Saved in:
Bibliografiske detaljer
Hovedforfatter: García Gómez, Emilio (Author)
Format: Bog
Sprog:spansk
arabisk
Udgivet: Madrid Alianza 1990
Serier:Alianza Universidad, 652
Fag:
Tags: Tilføj Tag
Ingen Tags, Vær først til at tagge denne postø!

MARC

LEADER 00000nam a2200000 a 4500
001 UCV9256
003 CL-VaPUC
008 920723e19900000SP |||||||||||||||||spa|d
041 0 7 |a spa  |2 CL-VaPUC 
041 0 7 |a ara  |2 CL-VaPUC 
082 0 4 |a 861  |b GAR  |2 21 
100 |a García Gómez, Emilio  |e author  |9 450271 
245 1 4 |a Las jarchas romances de la serie árabe en su marco 
300 |a 467 p 
942 |c BK 
945 |d 19920723 00:00:00 
260 |a Madrid  |b Alianza  |c 1990 
650 7 |a POESIAS ARABES  |2 CL-VaPUC  |9 267586 
650 0 |a Poesías españolas  |9 265100 
583 |a last modification  |c 19920723 00:00:00  |k Rodrigo Vera 
490 0 |a Alianza Universidad, 652 
999 |c 214623  |d 214621 
952 |0 0  |1 0  |4 0  |6 861_000000000000000_GAR_1990  |7 0  |8 P  |9 198196  |a BIBARQ  |b BIBARQ  |d 2019-11-14  |i 2657376  |o 861 GAR 1990  |p 2657376  |r 2025-01-20  |w 2019-11-14  |y BK  |k ARQ